[Event "Hamar op B"]
[Site "Hamar"]
[Date "2017.09.07"]
[Round "1"]
[White "Floen, Frode"]
[Black "Haraldstad, Tore"]
[Result "0-1"]
[WhiteElo "1483"]
[BlackElo "1287"]
[PlyCount "94"]
[EventDate "2017.09.07"]
[EventType "swiss"]
[EventRounds "7"]
[EventCountry "NOR"]
[SourceTitle "EXT 2024"]
[Source "ChessBase"]
[SourceDate "2023.10.10"]
[SourceVersion "1"]
[SourceVersionDate "2023.10.10"]
[SourceQuality "1"]

1. e4 e5 2. Nf3 Nc6 3. Bc4 h6 4. d4 exd4 5. Nxd4 Qf6 6. Be3 Bc5 7. Nxc6 Bxe3 8. fxe3 Qxc6 9. Bd5 Qg6 10. Nc3 c6 11. Bb3 Ne7 12. 0-0 0-0 13. Qf3 d6 14. h3 Be6 15. Rad1 Bxb3 16. cxb3 Rad8 17. Qf4 Qe6 18. Rf3 f5 19. exf5 Rxf5 20. Qg4 Rf6 21. Qg3 Rxf3 22. Qxf3 Rf8 23. Qe2 d5 24. b4 Nf5 25. Rf1 Qxe3+ 26. Qxe3 Nxe3 27. Rc1 g5 28. a3 a6 29. Ne2 Nc4 30. Rc2 Kg7 31. Nd4 Kg6 32. Re2 Rf4 33. Re6+ Kf7 34. Rxh6 Rxd4 35. Rh7+ Ke6 36. Rxb7 a5 37. b5 cxb5 38. Rxb5 Ke5 39. b3 Nxa3 40. Rxa5 Nc2 41. Kf2 Rb4 42. Rc5 Nd4 43. Rc3 Rxb3 44. Rc7 Ne6 45. Re7 d4 46. Ke2 Rc3 47. Kd2 Rg3 0-1